History GCSE Revision - Nazi Germany Dates - Statistics

General Stats
  • This quiz has been taken 398 times
  • The average score is 5 of 31
Answer Stats
Hint Answer % Correct
1918 End of WWI
70%
1919 Treaty of Versailles
46%
1945 End of WWII
39%
1933 February Reichstag fire
32%
1933 January Hitler becomes Chancellor
28%
1923 Munich Putsch
26%
1923 Hyperinflation
25%
1920 Kapp Putsch
25%
1929 Wall Street crash
21%
1919 Spartacist Uprising
20%
1923 Invasion of the Ruhr
19%
1924 Dawes plan
17%
1933 March Enabling act
17%
1918 Kaiser Abdicated
15%
1934 June Night of the long knives
15%
1934 August Hindenberg dies
14%
1938 Kristallnacht
13%
1929 Young plan
12%
1925 Locarno pact
9%
1935 Nuremburg race laws
8%
1939 Start of WWII
7%
1942 Final Solution
6%
1924 Rentenmark introduced
6%
1941 Operation Barbarossa
4%
1928 Nazis get 3% of the vote
2%
1933 July Political parties banned
2%
1933 May Trade Unions banned
2%
1934 August Army Oath to Hitler
1%
1941 Einsats Gruppen
1%
1933 March Nazis get 44% of the vote - majority
1%
1932 Nazis get 37% of the vote
0%
No matching quizzes found
Score Distribution
Percent of People with Each Score
Percentile by Number Answered
Your Score History
You have not taken this quiz